000 01186cam a2200229 4500
001 WB4025-14
008 040630n2004 000 0 eng u
035 _a(Sirsi) u126644
245 _aPIFs could boost urban regeneration
260 _c2004
490 _aPlanning (for the Natural and Built Environment)
_v1575, 25 June 2004 2(1)
520 _aAccording to the report "The future of the private rental market" produced by the Social Market Foundation, RICS and the British Property Federation; residential property investment funds (PIFs) could have a major impact on urban regeneration. It clams that PIFs could encourage developers to build high-density, high-rise, private apartment blocks, thereby increasing supply and make housing more affordable. The report can be purchased from the Social Market Foundation at http//www.smf.co.uk/site/smf/publications/privater ental, £20 (ISBN 1904899072.
590 _aWB
590 _aWB
650 _aURBAN REGENERATION
650 _aRESIDENTIAL PROPERTY INVESTMENT
650 _aAffordable housing
_96215
650 _aPRIVATE RENTED SECTOR
650 _aPROPERTY INVESTMENT FUNDS
690 _aINVESTMENT
942 _n0
999 _c117616
_d117616